00577nam a2200205Ia 450000500170000000800410001704000190005804100120007708200130008924501030010225000120020526000390021730000100025650400180026663000270028465000080031165100150031970000270033485000100036120221031151612.0131103s9999 xx 000 0 und d aLoreto College aEnglish a128bRAD 4aThe Concept of manb a study in comparative philosophy cedited by S. Radhakrishnan and P. T. Raju a2nd ed. aLondonbGeorge Allen & Unwinc1966 a546p  aInclude index aComparative Philosophy aMan aPhilosophy aRadhakrishnan, S., ed. aLCLIB